000 00601caa a2200205 4500
999 _c459718
_d459718
001 216218709
003 UA-OsUOA
005 20200626125320.0
008 200626b un ||||| |||| 00| 0 ukr d
040 _aUA-OsUOA
_bukr
_cUA-OsUOA
_dUA-OsUOA
041 _aukr
080 _a908
090 _a908
100 _aВихованець Т.
245 _aМощаниця
_cТ. Вихованець
300 _aС. 142–148
650 _2UDC
773 0 _0434474
_9456307
_aВихованець Т.
_dНетішин 2016
_o162401
_tЧастинка історії
_z9786177328307
942 _2udc
_cBKA